Ensayo sobre la geografía militar de Chile.
Uloženo v:
| Hlavní autor: | |
|---|---|
| Médium: | Kniha |
| Jazyk: | španělština |
| Vydáno: |
Santiago, Chile
Imprenta Cervantes
1897
|
| Témata: | |
| Tagy: |
Přidat tag
Žádné tagy, Buďte první, kdo vytvoří štítek k tomuto záznamu!
|
MARC
| LEADER | 00000nam a2200000 a 4500 | ||
|---|---|---|---|
| 001 | UCJ3987 | ||
| 003 | CL-VaPUC | ||
| 005 | 20250327093505.0 | ||
| 008 | 070124e18970000CL |||||||||||||||||spa|d | ||
| 999 | |c 320105 |d 320103 | ||
| 040 | |c Pontificia Universidad Católica de Valparaíso | ||
| 082 | 0 | 4 | |a 918.3 BOO 1897 |2 21 |
| 100 | 0 | |a Boonen Rivera, Jorge |9 506725 | |
| 245 | 1 | 0 | |a Ensayo sobre la geografía militar de Chile. |
| 260 | 0 | 3 | |a Santiago, Chile |b Imprenta Cervantes |c 1897 |
| 300 | |a 2 volúmenes. | ||
| 583 | |a last modification |c 20070124 00:00:00 |k Rodrigo Vera | ||
| 650 | 0 | |a Geografía de Chile |9 268295 | |
| 650 | 7 | |a GEOGRAFIA MILITAR |2 CL-VaPUC |9 506726 | |
| 650 | 0 | |a Geopolítica |9 313921 | |
| 650 | 7 | |a OROGRAFIA |2 CL-VaPUC |9 267347 | |
| 650 | 7 | |a HIDROGRAFIA |2 CL-VaPUC |9 261115 | |
| 650 | 0 | |a Población |9 257577 | |
| 650 | 0 | |a Recursos naturales |9 255232 | |
| 650 | 7 | |a COMUNICACIONES |2 CL-VaPUC |9 260778 | |
| 650 | 7 | |a DIVISION ADMINISTRATIVA |2 CL-VaPUC |9 433323 | |
| 650 | 7 | |a ESTRATEGIA |2 CL-VaPUC |9 332132 | |
| 650 | 0 | |a Operaciones militares |9 372045 | |
| 650 | 0 | |a Guerra de Arauco |9 267618 | |
| 650 | 7 | |a PACIFICACION DE LA ARAUCANIA |2 CL-VaPUC |9 504217 | |
| 650 | 7 | |a MONTONERAS |2 CL-VaPUC |9 504218 | |
| 650 | 7 | |a GUERRA A MUERTE |2 CL-VaPUC |9 506727 | |
| 650 | 7 | |a TRANSPORTE |2 CL-VaPUC |9 256365 | |
| 650 | 7 | |a HOYAS HIDROGRAFICAS |2 CL-VaPUC |9 506728 | |
| 650 | 0 | |a Puertos |9 260105 | |
| 650 | 0 | |a Guerra de la independencia |9 331979 | |
| 650 | 7 | |a GUERRA CIVIL DE 1891 |2 CL-VaPUC |9 408173 | |
| 650 | 0 | |a Ejército de Chile |9 317781 | |
| 650 | 0 | |a |9 340497 | |
| 650 | 7 | |a CONSCRIPCION MILITAR |2 CL-VaPUC |9 506730 | |
| 650 | 7 | |a RECLUTAMIENTO |2 CL-VaPUC |9 365395 | |
| 942 | |c BK |2 ddc | ||
| 945 | |d 20070124 00:00:00 |a rinostro | ||
| 952 | |0 0 |1 0 |2 ddc |4 0 |6 918_300000000000000_BOO_1897 |7 0 |8 X |9 398566 |a FDOBUD |b FDOBUD |d 2019-11-22 |h v.1 |i 1011804 |o 918.3 BOO 1897 |p 1011804 |r 2019-11-22 |t 1 |w 2019-11-22 |y BK_X |k BUD | ||
| 952 | |0 0 |1 0 |2 ddc |4 0 |6 918_300000000000000_BOO_1897 |7 0 |8 X |9 398567 |a FDOBUD |b FDOBUD |d 2019-11-22 |h v.2 |i 1011812 |o 918.3 BOO 1897 |p 1011812 |r 2019-11-22 |t 1 |w 2019-11-22 |y BK_X |k BUD | ||
| 952 | |0 0 |1 0 |2 ddc |4 0 |6 918_300000000000000_BOO_1897 |7 0 |8 X |9 398568 |a FDOBUD |b FDOBUD |d 2019-11-22 |h v.1 |i 1011855 |o 918.3 BOO 1897 |p 1011855 |r 2019-11-22 |t 2 |w 2019-11-22 |y BK_X |k BUD | ||
| 952 | |0 0 |1 0 |2 ddc |4 0 |6 918_300000000000000_BOO_1897 |7 0 |8 X |9 398569 |a FDOBUD |b FDOBUD |d 2019-11-22 |h v.2 |i 1011863 |o 918.3 BOO 1897 |p 1011863 |r 2019-11-22 |t 2 |w 2019-11-22 |y BK_X |k BUD | ||